<?xml version="1.0" encoding="UTF-8"?><?xml-stylesheet type="text/xsl" href="static/style.xsl"?><OAI-PMH xmlns="http://www.openarchives.org/OAI/2.0/" xmlns:xsi="http://www.w3.org/2001/XMLSchema-instance" xsi:schemaLocation="http://www.openarchives.org/OAI/2.0/ http://www.openarchives.org/OAI/2.0/OAI-PMH.xsd"><responseDate>2026-06-06T02:14:13Z</responseDate><request verb="GetRecord" identifier="oai:riuma.uma.es:10630/38194" metadataPrefix="marc">https://riuma.uma.es/rest/oai/request</request><GetRecord><record><header><identifier>oai:riuma.uma.es:10630/38194</identifier><datestamp>2026-02-03T11:28:52Z</datestamp><setSpec>com_10630_2254</setSpec><setSpec>col_10630_37953</setSpec></header><metadata><record xmlns="http://www.loc.gov/MARC21/slim" xmlns:dcterms="http://purl.org/dc/terms/" xmlns:doc="http://www.lyncode.com/xoai" xmlns:xsi="http://www.w3.org/2001/XMLSchema-instance" xsi:schemaLocation="http://www.loc.gov/MARC21/slim http://www.loc.gov/standards/marcxml/schema/MARC21slim.xsd">
   <leader>00925njm 22002777a 4500</leader>
   <datafield ind2=" " ind1=" " tag="042">
      <subfield code="a">dc</subfield>
   </datafield>
   <datafield ind2=" " ind1=" " tag="720">
      <subfield code="a">Rando-Cueto, Dolores</subfield>
      <subfield code="e">author</subfield>
   </datafield>
   <datafield ind2=" " ind1=" " tag="720">
      <subfield code="a">Jambrino-Maldonado, Carmen</subfield>
      <subfield code="e">author</subfield>
   </datafield>
   <datafield ind2=" " ind1=" " tag="720">
      <subfield code="a">Iglesias-Sánchez, Patricia Pilar</subfield>
      <subfield code="e">author</subfield>
   </datafield>
   <datafield ind2=" " ind1=" " tag="720">
      <subfield code="a">De-las-Heras-Pedrosa, Carlos</subfield>
      <subfield code="e">author</subfield>
   </datafield>
   <datafield ind2=" " ind1=" " tag="260">
      <subfield code="c">2022</subfield>
   </datafield>
   <datafield ind2=" " ind1=" " tag="520">
      <subfield code="a">In the last decade, there have been an increasing number of studies on female entrepreneurship and its relationship with communication activity. However, as a worldwide current issue, there are no records in the scientific literature in which a bibliometric analysis has been performed in this field. This article aims to fill this gap by reviewing the present situation of research production and analyzing its evolution and trends. To this end, a systematic review of the existing literature is carried out, as well as the bibliometric analysis of the 1356 records found in the Scopus database and the analysis of bibliometric networks referring to authorship, citation, keywords and main affiliations of researchers with VOSviewer software. Among the results, it is worth noting the close correlation between advances in communication strategies on behalf of women entrepreneurs, mainly related to the digitization of processes and the reduction of gender disparities. Thus, there is a need to raise awareness of the importance of communication in business management and to promote training activities that encourage greater interaction between women entrepreneurs and their stakeholders.</subfield>
   </datafield>
   <datafield ind1="8" ind2=" " tag="024">
      <subfield code="a">Rando-Cueto, D., Jambrino-Maldonado, C., Iglesias-Sánchez, P. P., &amp; De las Heras-Pedrosa, C. (2022). Trends and Evolution of Research on Women’s Entrepreneurship and Communication in the Scientific Literature. Journalism and Media, 3(4), 665-681.</subfield>
   </datafield>
   <datafield ind1="8" ind2=" " tag="024">
      <subfield code="a">https://hdl.handle.net/10630/38194</subfield>
   </datafield>
   <datafield ind1="8" ind2=" " tag="024">
      <subfield code="a">10.3390/journalmedia3040044</subfield>
   </datafield>
   <datafield tag="653" ind2=" " ind1=" ">
      <subfield code="a">Emprendedoras</subfield>
   </datafield>
   <datafield tag="653" ind2=" " ind1=" ">
      <subfield code="a">Sociología de las organizaciones</subfield>
   </datafield>
   <datafield ind2="0" ind1="0" tag="245">
      <subfield code="a">Trends and Evolution of Research on Women’s Entrepreneurship and Communication in the Scientific Literature.</subfield>
   </datafield>
</record>
</metadata></record></GetRecord></OAI-PMH>